00463nam a2200181Ia 4500008004100000020001800041050001400059100001900073245004600092245004300138260001500181260001600196260000900212300001500221300002700236300001000263500000800273170918s9999 xx 000 0 und d a9780545510295 bB613 2005 aBinkow, Howard aHoward B. Wigglebottom learns to listen / cHoward Bonkow and Susan F. Cornelison. aNew York : bScholastic, c2005 a31 pages : bcolored illustration ; c20cm. a460